La vuelta al mundo en 80 cuentos / (Record no. 137245)

MARC details
000 -CABECERA
campo de control de longitud fija 00677nam a2200205 a 4500
005 - FECHA Y HORA DE LA ÚLTIMA TRANSACCIÓN
campo de control 20220603063713.0
008 - ELEMENTOS DE LONGITUD FIJA--INFORMACIÓN GENERAL
campo de control de longitud fija 081107s2002 es r 000 0 spa d
020 ## - NÚMERO INTERNACIONAL NORMALIZADO PARA LIBROS
Número Internacional Estándar del Libro 8484231143
035 ## - NÚMERO DE CONTROL DEL SISTEMA
Número de control de sistema UPN01000165133
049 ## - COLECCIÓN
Colección I
050 #4 - SIGNATURA TOPOGRÁFICA DE LA BIBLIOTECA DEL CONGRESO
Número de clasificación PZ74.9
Número de documento/Ítem B3.8
100 1# - ASIENTO PRINCIPAL--NOMBRE PERSONAL
Nombre de persona Baxter, Nicola
9 (RLIN) 34646
245 13 - MENCIÓN DE TÍTULO
Título La vuelta al mundo en 80 cuentos /
Mención de responsabilidad, etc. Nicola Baxter ; il. Roger Langton ; tr. Remedios Diéguez.
260 ## - PUBLICACIÓN, DISTRIBUCIÓN, ETC.
Lugar de publicación, distribución, etc. Barcelona, Esp. :
Nombre del editor, distribuidor, etc. Elfos,
Fecha de publicación, distribución, etc. 2002.
300 ## - DESCRIPCIÓN FÍSICA
Extensión 96 p. :
Otras características físicas il. col.
500 ## - NOTA GENERAL
Nota general "Cuentos de: Europa, América, Africa, Asia, Oceanía"
534 ## - NOTA SOBRE LA VERSIÓN ORIGINAL
Frase introductoria Título original:
Mención de título del original Around the world in 80 tales
650 #4 - ASIENTO SECUNDARIO DE MATERIA - TERMINO TEMATICO
Término de materia o nombre geográfico como elemento de entrada Cuentos infantiles
9 (RLIN) 6744
905 ## - TIPO DE MATERIAL
Tipo de material Infantil
Holdings
Estado de retiro Estado de pérdida Fuente del sistema de clasificación o colocación Estado dañado No para préstamo Código de colección Localización permanente Ubicación/localización actual Ubicación en estantería Fecha de adquisición Total de préstamos Clasificación Código de barras Fecha visto por última vez Número de copia Tipo de ítem Koha
    Library of Congress Classification     Infantil Bib. Gregorio Torres Quintero Bib. Gregorio Torres Quintero Sala infantil Planta baja 10/05/2023 21 PZ74.9 B3.8 259302 31/12/2020 1 Libro